LA SCUOLA CATTOLICA. RIVISTA TEOLOGICA. MAGGIO-GIUGNO 1975. (Record n. 322326)

Dettagli MARC
000 -LEADER
fixed length control field 01935nas a2200277Ia 4500
001 - CONTROL NUMBER
control field R261-R4314
003 - CONTROL NUMBER IDENTIFIER
control field IT-CnALBA
008 - FIXED-LENGTH DATA ELEMENTS--GENERAL INFORMATION
fixed length control field 170116c99999999xx |||||||||||| ||und||
040 ## - CATALOGING SOURCE
Original cataloging agency IT-CnALBA
Transcribing agency IT-CnALBA
041 ## - LANGUAGE CODE
Language code of text/sound track or separate title ITALIANO
999 ## - SYSTEM CONTROL NUMBERS (KOHA)
Koha Dewey Subclass [OBSOLETE] NO
100 ## - MAIN ENTRY--PERSONAL NAME
Personal name BALDANZA GIUSEPPE
210 ## - ABBREVIATED TITLE
Abbreviated title LA SCUOLA CATTOLICA
222 ## - KEY TITLE
Key title LA SCUOLA CATTOLICA
245 #0 - TITLE STATEMENT
Title LA SCUOLA CATTOLICA. RIVISTA TEOLOGICA. MAGGIO-GIUGNO 1975.
250 ## - EDITION STATEMENT
Edition statement 1a ed.
260 ## - PUBLICATION, DISTRIBUTION, ETC. (IMPRINT)
Place of publication, distribution, etc. VARESE
Name of publisher, distributor, etc. LA TIPOG. VARESE SOC. AN. ED.
Date of publication, distribution, etc. 1975 [1° Ed.:1975 - Ed.Ling.Originale: 1975]
300 ## - PHYSICAL DESCRIPTION
Extent 120 p.
310 ## - CURRENT PUBLICATION FREQUENCY
Current publication frequency BIMESTRALE
362 ## - DATES OF PUBLICATION AND/OR SEQUENTIAL DESIGNATION
Dates of publication and/or sequential designation Fascicolo: 3 / Anno: 103 (1975)
500 ## - GENERAL NOTE
General note APPROFONDIMENTO DEL SEGNO SACRAMENTALE PER IL RINNOVAMENTO E SVILUPPO DELLA TEOLOGIA DEL MATRIMONIO, PROSPETTIVE NUOVE. IL LINGUAGGIO TEOLOGICO DI ILARIO DI POITIERS. BELLINI E. SEPARAZIONE E NUOVO MATRIMONIO NELLA CHIESA ANTICA. GESTORI G. LA PERSONALITÀ E L'OPERA DI SCIACCA M. FEDERICO. LACQUANITI ST. VI SETTIMANA DI STUDI MEDIEVALI: DIOCESI PIEVE E PARROCCHIE. DODD CH. L'INTERPRETAZIONE DEL VANGELO DI GIOVANNI. GAETA G. IL DIALOGO CON NICODEMO. ROANIUK C. LA VOCAZIONE NELLA BIBBIA. BERGERRE M. QUATTRO PAPI E UN GIORNALISTA. ETC...
501 ## - WITH NOTE
With note Società San Paolo EM - Piazza San Paolo, 14 - 12051 ALBA (CN) (non commercial uses only) ® Copyright 2017
520 ## - SUMMARY, ETC.
Summary, etc. APPROFONDIMENTO DEL SEGNO SACRAMENTALE PER IL RINNOVAMENTO E SVILUPPO DELLA TEOLOGIA DEL MATRIMONIO, PROSPETTIVE NUOVE. IL LINGUAGGIO TEOLOGICO DI ILARIO DI POITIERS. BELLINI E. SEPARAZIONE E NUOVO MATRIMONIO NELLA CHIESA ANTICA. GESTORI G. LA PERSONALITÀ E L'OPERA DI SCIACCA M. FEDERICO. LACQUANITI ST. VI SETTIMANA DI STUDI MEDIEVALI: DIOCESI PIEVE E PARROCCHIE. DODD CH. L'INTERPRETAZIONE DEL VANGELO DI GIOVANNI. GAETA G. IL DIALOGO CON NICODEMO. ROANIUK C. LA VOCAZIONE NELLA BIBBIA. BERGERRE M. QUATTRO PAPI E UN GIORNALISTA. ETC...
650 ## - SUBJECT ADDED ENTRY--TOPICAL TERM
Topical term or geographic name as entry element SCIENZE RELIGIOSE
942 ## - ADDED ENTRY ELEMENTS (KOHA)
Koha item type RIVISTA
957 ## -
-- 1
999 ## - SYSTEM CONTROL NUMBERS (KOHA)
-- 1
Dati di copia
Withdrawn status Lost status Damaged status Not for loan Home library Current library Date acquired Total Checkouts Full call number Date last seen Price effective from Koha item type Public note
    Buone Condizioni Not For Loan ALBA - Biblioteca ALBA - Biblioteca 16/01/2017   R261-R4314 16/01/2017 16/01/2017 RIVISTA (data import: 16 gennaio 2017) - By Epidotti, Vaglietti.
CREDITS: SOCIETA' SAN PAOLO Via A.Severo, 58 - ROMA (RM) & PERIODICI SAN PAOLO SRL Via Giotto, 36 MILANO & CISF Via Giotto, 36 MILANO & EDIZIONI SAN PAOLO SRL,  Piazza Soncino, 5 CINISELLO BALSAMO (MI) -- ITALY